Pallitive Care/Downing Julia... et al (Record no. 50805)
[ view plain ]
| 000 -LEADER | |
|---|---|
| fixed length control field | 00348cam a2200133 4500 |
| 008 - FIXED-LENGTH DATA ELEMENTS--GENERAL INFORMATION | |
| fixed length control field | 160412n 000 0 eng u |
| 020 ## - INTERNATIONAL STANDARD BOOK NUMBER | |
| International Standard Book Number | 7989970204007 |
| 035 ## - SYSTEM CONTROL NUMBER | |
| System control number | (Sirsi) a195838 |
| 110 ## - MAIN ENTRY--CORPORATE NAME | |
| Corporate name or jurisdiction name as entry element | |
| 245 ## - TITLE STATEMENT | |
| Title | Pallitive Care/Downing Julia... et al |
| 260 ## - PUBLICATION, DISTRIBUTION, ETC. | |
| Place of publication, distribution, etc. | kampala:African Palliative Care,2011. |
| 300 ## - PHYSICAL DESCRIPTION | |
| Extent | 85pages |
| 700 ## - ADDED ENTRY--PERSONAL NAME | |
| Personal name | Julia Dowing |
No items available.